000 00579 a2200205 4500
001 sjds
003 sjds
005 20240229141511.0
008 240229b |||||||| |||| 00| 0 spa d
020 _a9781474818513
020 _a147481851X
040 _csjds
041 _aspa
100 _aBrenner, Falko
245 _a100 ciudades del mundo :
_b[un viaje por las ciudades mas fascinantes del mundo] /
_cFalko Brenner.
260 _aNew York :
_bParragon Books,
_c[20??]
300 _a240 p. :
_bill. ;
_c 24 cm
500 _a
942 _cBK
999 _c24673
_d24673